Sports Quiz

Random Sports or WWE Quiz

WWE The New Day Over a Year of Feeling the Power Quiz Stats

 Plays Quiz not verified by Sporcle

Score 0/49 Timer 05:00
0 Plays Today
Title Superstar % Correct
WWE ChampionshipSeth Rollins
95.7%
WWE ChampionshipSeth Rollins
95.7%
United States ChampionshipSeth Rollins
95.7%
WWE ChampionshipRoman Reigns
95.5%
WWE ChampionshipRoman Reigns
95.5%
WWE ChampionshipRoman Reigns
95.5%
Raw Women's ChampionshipCharlotte
95.4%
WWE ChampionshipDean Ambrose
95%
Intercontinental ChampionshipDean Ambrose
95%
United States ChampionshipRoman Reigns
94.9%
Raw Women's ChampionshipCharlotte Flair
94.9%
Divas ChampionshipCharlotte
94.7%
Raw Women's ChampionshipCharlotte
94.7%
Raw Women's ChampionshipSasha Banks
94.2%
Universal ChampionshipKevin Owens
93.8%
Intercontinental ChampionshipKevin Owens
93.6%
Intercontinental ChampionshipKevin Owens
93.6%
Raw Women's ChampionshipSasha Banks
93.6%
United States ChampionshipJohn Cena
93.6%
United States ChampionshipJohn Cena
93.6%
Universal ChampionshipFinn Bálor
93.3%
Intercontinental ChampionshipThe Miz
93.3%
Raw Women's ChampionshipSasha Banks
93%
Intercontinental ChampionshipThe Miz
91.7%
Raw Tag Team ChampionshipKofi Kingston
90.1%
Title Superstar % Correct
Raw Tag Team ChampionshipBig E
90%
SmackDown Women's ChampionshipBecky Lynch
89.7%
WWE ChampionshipSheamus
89.3%
Raw Tag Team ChampionshipXavier Woods
89.2%
Divas ChampionshipNikki Bella
89.1%
WWE ChampionshipAJ Styles
88.9%
WWE ChampionshipTriple H
88%
United States ChampionshipRusev
87.5%
SmackDown Women's ChampionshipAlexa Bliss
87.3%
SmackDown Tag Team ChampionshipRandy Orton
86.9%
SmackDown Tag Team ChampionshipBray Wyatt
86.4%
Intercontinental ChampionshipDolph Ziggler
86%
SmackDown Tag Team ChampionshipLuke Harper
83.5%
Cruiserweight ChampionshipT.J. Perkins
83%
SmackDown Tag Team ChampionshipHeath Slater
81%
SmackDown Tag Team ChampionshipRhyno
81%
Cruiserweight ChampionshipBrian Kendrick
80.6%
Intercontinental ChampionshipZack Ryder
79.7%
United States ChampionshipAlberto Del Rio
78.9%
United States ChampionshipAlberto Del Rio
78.9%
United States ChampionshipKalisto
77.8%
United States ChampionshipKalisto
77.8%
Cruiserweight ChampionshipRich Swann
77%
Intercontinental ChampionshipRyback
67.5%

You're not logged in!

Compare scores with friends on all Sporcle quizzes.
OR
Log In

Sporcle TV

Today on Sporcle TV


Watch our educational content, quiz creation guides, and fun videos on Sporcle TV.

Show Comments

Extras

Top Quizzes Today


Score Distribution

Your Account Isn't Verified!

In order to create a playlist on Sporcle, you need to verify the email address you used during registration. Go to your Sporcle Settings to finish the process.

Report this User

Report this user for behavior that violates our Community Guidelines.

Details: